[Event "Rated Blitz tournament l62iypho"]
[Site "?"]
[Date "2021.02.28"]
[Round "?"]
[White "DMKey"]
[Black "Jenlen3001"]
[Result "1/2-1/2"]
[WhiteElo "2451"]
[BlackElo "2529"]
[PlyCount "63"]
[EventDate "2021.??.??"]
[EventType "blitz"]

1. e4 e5 2. Nf3 d5 3. d4 dxe4 4. Nxe5 Nf6 5. Bc4 Be6 6. Bxe6 fxe6 7. O-O Bd6 8.
Nc3 O-O 9. Bg5 Nbd7 10. Nxd7 Qxd7 11. Bxf6 gxf6 12. Nxe4 Be7 13. c3 Kh8 14. Qh5
Rg8 15. Rae1 Rg6 16. Ng3 Rag8 17. f4 f5 18. Re2 c5 19. dxc5 Bxc5+ 20. Kh1 Qd3
21. Rfe1 Bd6 22. Qf3 Qxf3 23. gxf3 Bxf4 24. Rxe6 Bxg3 25. hxg3 Rxg3 26. Rh6
Rxf3 27. Re7 Rf1+ 28. Kh2 Rf2+ 29. Kh3 Rf3+ 30. Kh2 Rg7 31. Re8+ Rg8 32. Re7 {
Normal} 1/2-1/2

[Event "Rated Blitz game"]
[Site "?"]
[Date "2021.02.28"]
[Round "?"]
[White "SergeiRK"]
[Black "specialprize4u"]
[Result "0-1"]
[WhiteElo "2435"]
[BlackElo "2298"]
[PlyCount "122"]
[EventDate "2021.??.??"]
[EventType "blitz"]

1. e4 e5 2. Nf3 d5 3. Nxe5 Bd6 4. Nxf7 Kxf7 5. Qh5+ g6 6. Qxd5+ Be6 7. Qxb7 Nd7
8. Nc3 Nc5 9. Qc6 Ne7 10. Qb5 Rb8 11. Qe2 Be5 12. g3 Rf8 13. Bg2 Kg8 14. O-O
Bd4 15. d3 Qd7 16. Bh6 Bg4 17. Qd2 Rf3 18. Rab1 Rf7 19. Be3 Bh3 20. Bxh3 Bxe3
21. Qxe3 Qxh3 22. Qxc5 Rbf8 23. f4 g5 24. f5 Ng6 25. Nd5 h5 26. Qe3 Ne5 27. Qe2
h4 28. Qg2 Qg4 29. Ne3 Qh5 30. g4 Qh6 31. b3 Qb6 32. Qf2 h3 33. Nd5 Qh6 34. Qg3
Re8 35. d4 Nc6 36. Qd3 Qh4 37. Qg3 Rxe4 38. Qxh4 gxh4 39. c3 Rxg4+ 40. Kh1 Rg2
41. Rg1 Rxf5 42. Rxg2+ hxg2+ 43. Kxg2 Rxd5 44. Kf3 Rf5+ 45. Ke4 Rf2 46. h3 Rxa2
47. Rg1+ Kf7 48. Rg4 Ne7 49. Rxh4 Re2+ 50. Kd3 Rg2 51. Rh7+ Ke8 52. Kc4 Rg3 53.
b4 Kd7 54. Rh8 c6 55. Rh7 Kd6 56. Rh6+ Rg6 57. Rh7 Re6 58. Rh6 Rxh6 59. Kb3
Rxh3 60. Kc4 Nd5 61. b5 Rxc3# {Normal} 0-1

[Event "Rated Rapid game"]
[Site "?"]
[Date "2021.02.28"]
[Round "?"]
[White "Iwillteachyou"]
[Black "satranCocuk_YouTube"]
[Result "1/2-1/2"]
[WhiteElo "2431"]
[BlackElo "2227"]
[PlyCount "132"]
[EventDate "2021.??.??"]
[EventType "rapid"]

1. e4 e5 2. Nf3 d5 3. exd5 e4 4. Qe2 Nf6 5. d3 Bb4+ 6. c3 O-O 7. dxe4 Bc5 8.
Bg5 h6 9. Bxf6 Qxf6 10. Qc4 b6 11. e5 Qg6 12. Nbd2 Ba6 13. Qe4 f5 14. Qh4 Bxf1
15. Kxf1 f4 16. Nb3 Qd3+ 17. Kg1 Qxd5 18. Nxc5 Qxc5 19. h3 Nc6 20. Re1 Rfe8 21.
Qxf4 Rf8 22. Qe3 Qd5 23. Qe4 Qe6 24. Nd4 Nxd4 25. cxd4 Qxa2 26. Re2 Rad8 27.
Kh2 Qc4 28. Rd1 a5 29. d5 Qxe4 30. Rxe4 Rxf2 31. d6 cxd6 32. exd6 Rd7 33. b4 a4
34. b5 Rf6 35. Rxa4 Rfxd6 36. Rxd6 Rxd6 37. Ra8+ Kf7 38. Rb8 g5 39. Kg3 Ke6 40.
Kg4 Kd5 41. Kh5 Kc5 42. Rh8 Kxb5 43. Rxh6 Rd5 44. Rg6 Kc4 45. Rxb6 Kd4 46. Rg6
Ke4 47. Rxg5 Rd8 48. Kg4 Rf8 49. h4 Ke3 50. h5 Kf2 51. g3 Kg2 52. h6 Rf3 53. h7
Rf8 54. Rg8 Rf7 55. h8=Q Rd7 56. Qh4 Rd4+ 57. Kh5 Rxh4+ 58. gxh4+ Kf2 59. Rg7
Ke3 60. Rg4 Kf3 61. Kg5 Ke3 62. Kg6 Kd3 63. Kg7 Ke3 64. Kg8 Kf3 65. Kg7 Kxg4
66. Kg6 Kxh4 {Normal} 1/2-1/2

[Event "Rated Blitz tournament y6bumeJ7"]
[Site "?"]
[Date "2021.02.28"]
[Round "?"]
[White "Ezinez"]
[Black "Schachelite"]
[Result "0-1"]
[WhiteElo "2424"]
[BlackElo "2444"]
[PlyCount "96"]
[EventDate "2021.??.??"]
[EventType "blitz"]

1. e4 e5 2. Nf3 d5 3. exd5 e4 4. Qe2 Nf6 5. Nc3 Be7 6. Nxe4 O-O 7. d3 Re8 8.
Be3 Nxd5 9. O-O-O f5 10. Ned2 Nc6 11. g3 Ncb4 12. a3 Na2+ 13. Kb1 Nac3+ 14.
bxc3 Nxc3+ 15. Kb2 Nxe2 16. Bxe2 Bf6+ 17. d4 c5 18. Nb3 cxd4 19. Nfxd4 Qe7 20.
c3 a5 21. a4 Bd7 22. Bb5 Bxb5 23. Nxb5 Rac8 24. Rd3 Qb4 25. Rhd1 Qxa4 26. Nd6
h6 27. Nxe8 Rxe8 28. R1d2 Ra8 29. Bd4 Bxd4 30. Rxd4 Qb5 31. Rd5 Qb6 32. Rd6 Qc7
33. Rd7 Qc6 34. R7d6 Qh1 35. Nd4 a4 36. Nxf5 a3+ 37. Ka2 Qf3 38. Ne3 b5 39.
R6d5 Qf7 40. Ka1 Rc8 41. Rd8+ Rxd8 42. Rxd8+ Kh7 43. Rd5 Qc7 44. Rd3 Qf7 45. c4
bxc4 46. Rxa3 Qxf2 47. Rc3 Qxh2 48. Kb1 Qxg3 {Normal} 0-1

[Event "Rated Blitz game"]
[Site "?"]
[Date "2021.02.28"]
[Round "?"]
[White "very_stronk"]
[Black "batasjon"]
[Result "1-0"]
[WhiteElo "2420"]
[BlackElo "2347"]
[PlyCount "79"]
[EventDate "2021.??.??"]
[EventType "blitz"]

1. e4 e5 2. Nf3 d5 3. Nxe5 Bd6 4. d4 dxe4 5. Nc4 Nf6 6. Nxd6+ Qxd6 7. Be2 O-O
8. Be3 Qb4+ 9. Nd2 Qxb2 10. c4 Qb4 11. O-O Qe7 12. Rb1 Nc6 13. Rb5 h6 14. Nb3
a6 15. Rc5 Rd8 16. Qc2 Ng4 17. Rh5 Nf6 18. Rh4 a5 19. d5 Ne5 20. Bc5 Qd7 21.
Rxe4 Nxe4 22. Qxe4 Qf5 23. Qe3 Bd7 24. Nd4 Qf6 25. f4 Ng6 26. f5 Ne5 27. Ne6
Re8 28. Bd4 fxe6 29. fxe6 Qg5 30. Qc3 Ng6 31. Bxg7 Nf4 32. Rxf4 Qxf4 33. Bh8
Qg5 34. h4 Qg6 35. Bh5 Qh7 36. Bf7+ Kf8 37. Qa3+ Re7 38. Bf6 Rae8 39. Bxe7+
Rxe7 40. exd7 {Time forfeit} 1-0

[Event "Rated Blitz game"]
[Site "?"]
[Date "2021.02.28"]
[Round "?"]
[White "AyUsHaDoLsOnOv"]
[Black "KamranShirazi"]
[Result "1-0"]
[WhiteElo "2517"]
[BlackElo "2517"]
[PlyCount "127"]
[EventDate "2021.??.??"]
[EventType "blitz"]

1. e4 e5 2. Nf3 d5 3. Nxe5 Bd6 4. d4 dxe4 5. Nc4 Nc6 6. Nxd6+ Qxd6 7. c3 f5 8.
Nd2 Be6 9. Nc4 Bxc4 10. Bxc4 Nf6 11. Qa4 a6 12. g3 O-O-O 13. Bf4 Qd7 14. O-O-O
Kb8 15. d5 Na7 16. Qxd7 Rxd7 17. d6 cxd6 18. Bxd6+ Ka8 19. Be6 Rdd8 20. Bxf5
Nc6 21. Bc5 Rde8 22. Bd7 Re5 23. Be3 Nb8 24. Ba4 Ng4 25. Bd4 Re7 26. h3 Nh6 27.
g4 Rc8 28. Rhe1 Nc6 29. Bxc6 Rxc6 30. f3 Rce6 31. fxe4 g6 32. Rf1 Nf7 33. Bc5
Rc7 34. Rxf7 Rxc5 35. Rd8+ Ka7 36. Rdd7 Rb5 37. Rfe7 Rf6 38. Rxh7 Rf1+ 39. Rd1
Rf2 40. Rd2 Rxd2 41. Kxd2 Rxb2+ 42. Kd3 Rxa2 43. e5 Ra1 44. Rg7 Rh1 45. Rxg6
Rxh3+ 46. Kc4 a5 47. Rd6 Re3 48. Rd5 Re4+ 49. Kd3 Rxg4 50. e6 Rg8 51. Rxa5+ Kb6
52. Rd5 Kc6 53. c4 Re8 54. Re5 Kd6 55. Re4 Ke7 56. Kd4 Rc8 57. Kd5 Rd8+ 58. Ke5
Rc8 59. Kd5 Rd8+ 60. Kc5 Rd6 61. Kb5 Ra6 62. c5 Rc6 63. Rg4 Kxe6 64. Rg7 {
Time forfeit} 1-0

[Event "Rated Blitz game"]
[Site "?"]
[Date "2021.02.28"]
[Round "?"]
[White "bullishmoves"]
[Black "KamranShirazi"]
[Result "0-1"]
[WhiteElo "2382"]
[BlackElo "2515"]
[PlyCount "66"]
[EventDate "2021.??.??"]
[EventType "blitz"]

1. e4 e5 2. Nf3 d5 3. exd5 e4 4. Qe2 f5 5. d3 Nf6 6. dxe4 fxe4 7. Nd4 Bc5 8.
Be3 O-O 9. Nc3 Bxd4 10. Bxd4 Nxd5 11. O-O-O c6 12. Nxe4 Nd7 13. c4 Nf4 14. Qc2
Qa5 15. Kb1 c5 16. Bc3 Qc7 17. g3 Ne6 18. Bg2 Ne5 19. Nd6 Nc6 20. Nxc8 Qxc8 21.
Bh3 Kh8 22. Rhe1 Ncd4 23. Bxd4 Nxd4 24. Bxc8 Nxc2 25. Bxb7 Rab8 26. Re2 Nd4 27.
Rxd4 cxd4 28. Bd5 Rbe8 29. Rd2 d3 30. b4 Re2 31. Rxd3 Rfxf2 32. Rd1 Rb2+ 33.
Kc1 Rfc2# {Normal} 0-1

[Event "Rated Blitz tournament WiIlymZe"]
[Site "?"]
[Date "2021.02.28"]
[Round "?"]
[White "gsvc"]
[Black "Torjaeger10"]
[Result "1-0"]
[WhiteElo "2727"]
[BlackElo "2314"]
[PlyCount "25"]
[EventDate "2021.??.??"]
[EventType "blitz"]

1. e4 e5 2. Nf3 d5 3. Nxe5 dxe4 4. Bc4 Qd4 5. Qh5 g6 6. Bxf7+ Ke7 7. Qg5+ Nf6
8. Nc3 h6 9. Nxg6+ Kxf7 10. Nxh8+ Ke6 11. Qe3 Qe5 12. Ng6 Qf5 13. Nxf8+ {Normal
} 1-0

[Event "Rated Blitz tournament 4Hc2Y0Wq"]
[Site "?"]
[Date "2021.02.28"]
[Round "?"]
[White "Lioni26"]
[Black "om_gendut"]
[Result "0-1"]
[WhiteElo "2456"]
[BlackElo "2402"]
[PlyCount "140"]
[EventDate "2021.??.??"]
[EventType "blitz"]

1. e4 e5 2. Nf3 d5 3. exd5 e4 4. Ne5 Qxd5 5. d4 exd3 6. Nxd3 Nf6 7. Nc3 Qe6+ 8.
Be3 Bd6 9. Be2 O-O 10. O-O Nc6 11. Nf4 Qf5 12. Bd3 Qa5 13. Nb5 Bg4 14. f3 Bd7
15. Nxd6 cxd6 16. Qd2 Qc7 17. Rad1 Rfe8 18. c3 Ne5 19. Rfe1 Rad8 20. Bf1 Bc6
21. b3 Ng6 22. c4 Nxf4 23. Bxf4 Qb6+ 24. Qf2 Qxf2+ 25. Kxf2 d5 26. cxd5 Nxd5
27. Bg5 f6 28. Bd2 Nb6 29. Ba5 Rxd1 30. Rxd1 Kf7 31. Bxb6 axb6 32. Bc4+ Kg6 33.
g4 b5 34. Bd3+ Kf7 35. h4 g6 36. b4 Re7 37. Bc2 Rd7 38. Bb3+ Kg7 39. Rxd7+ Bxd7
40. Ke3 Bc6 41. f4 h6 42. Kd4 g5 43. hxg5 hxg5 44. fxg5 fxg5 45. Ke5 Bd7 46.
Be6 Bc6 47. Bd5 Bd7 48. Bf3 Bc8 49. Kd6 Kf6 50. Kc7 Be6 51. Kxb7 Bxa2 52. Kb6
Bc4 53. Bc6 Ke5 54. Bxb5 Bd5 55. Be2 Kf4 56. Kc5 Be4 57. b5 Ke3 58. Bd1 Kd2 59.
Bb3 Ke3 60. Be6 Kf4 61. b6 Ke5 62. Bf5 Bf3 63. Kb5 Kf4 64. Be6 Ke5 65. Bd7 Kd6
66. Bc6 Bxc6+ 67. Ka5 Bf3 68. Kb4 Bxg4 69. Kb5 Bc8 70. b7 Bxb7 {Time forfeit}
0-1

[Event "Rated Blitz tournament G1nEoCfY"]
[Site "?"]
[Date "2021.02.28"]
[Round "?"]
[White "WischmoppPair"]
[Black "VVV-31"]
[Result "1-0"]
[WhiteElo "2530"]
[BlackElo "2216"]
[PlyCount "173"]
[EventDate "2021.??.??"]
[EventType "blitz"]

1. e4 e5 2. Nf3 d5 3. exd5 Bd6 4. d4 e4 5. Ne5 Nf6 6. c4 c5 7. dxc6 Nxc6 8.
Nxc6 bxc6 9. Be2 O-O 10. Nc3 Bf5 11. Bg5 h6 12. Bh4 Re8 13. Bg3 Rb8 14. Bxd6
Qxd6 15. b3 Rbd8 16. O-O Qxd4 17. Qxd4 Rxd4 18. Rad1 Red8 19. h3 Rd2 20. Rfe1
Kf8 21. Kf1 g5 22. Rxd2 Rxd2 23. Rc1 h5 24. Ke1 Rd7 25. Na4 g4 26. h4 Rd4 27.
Rc3 Nd7 28. Re3 Bg6 29. Bd1 f5 30. g3 Ne5 31. Be2 Bf7 32. Nc3 Ke7 33. Nd1 Kf6
34. Rc3 f4 35. gxf4 Ng6 36. f5 Nxh4 37. Ne3 Nxf5 38. Nc2 Rd8 39. b4 Nd4 40. Bd1
Ke5 41. a4 Be6 42. Ne3 Nf3+ 43. Bxf3 gxf3 44. b5 cxb5 45. cxb5 h4 46. Rc5+ Kd4
47. Rh5 h3 48. Rh6 Bc8 49. a5 Kc5 50. Rh5+ Kb4 51. b6 axb6 52. axb6 Rd6 53. Rh4
Rxb6 54. Nd5+ Kc5 55. Nxb6 Kxb6 56. Rxe4 Kc5 57. Kd2 Kd5 58. Rh4 Ke5 59. Ke3
Kf5 60. Kxf3 Kg5 61. Kg3 Be6 62. Rh8 Kg6 63. f4 Bf5 64. Rb8 Kf6 65. Rb6+ Kf7
66. Ra6 Kg7 67. Ra5 Kf6 68. Re5 Kg6 69. Re2 Kf6 70. Rb2 Kg6 71. Kh4 Kf6 72.
Rb6+ Kf7 73. Kg5 Be4 74. Rh6 Bg2 75. f5 Ke7 76. Rh7+ Kf8 77. Kg6 Kg8 78. Rh4
Bf1 79. Rh5 Bg2 80. Rh6 Bf1 81. Rh4 Bg2 82. f6 Bd5 83. Rxh3 Bf7+ 84. Kg5 Be6
85. Ra3 Kf7 86. Ra7+ Kf8 87. Kg6 {Normal} 1-0

[Event "Rated Blitz game"]
[Site "?"]
[Date "2021.02.28"]
[Round "?"]
[White "a-D-I-b"]
[Black "pasha1984"]
[Result "0-1"]
[WhiteElo "2395"]
[BlackElo "2425"]
[PlyCount "24"]
[EventDate "2021.??.??"]
[EventType "blitz"]

1. e4 e5 2. Nf3 d5 3. Nxe5 dxe4 4. d4 Bd6 5. Bc4 Bxe5 6. dxe5 Qxd1+ 7. Kxd1 Nc6
8. Bf4 Nge7 9. Bg3 Bg4+ 10. Ke1 Ng6 11. Bb5 O-O-O 12. Bxc6 Rd1# {Normal} 0-1

[Event "Rated Blitz game"]
[Site "?"]
[Date "2021.02.28"]
[Round "?"]
[White "gmftorres1"]
[Black "magos33"]
[Result "1-0"]
[WhiteElo "2434"]
[BlackElo "2361"]
[PlyCount "53"]
[EventDate "2021.??.??"]
[EventType "blitz"]

1. e4 e5 2. Nf3 d5 3. Nxe5 Bd6 4. d4 dxe4 5. Nc4 Nf6 6. Nc3 O-O 7. Bg5 Be7 8.
Qd2 Bf5 9. O-O-O c6 10. Be2 b5 11. Ne3 Bg6 12. d5 b4 13. Na4 cxd5 14. Bxf6 Bxf6
15. Nxd5 Nc6 16. Kb1 Bd4 17. Nxb4 Nxb4 18. Qxb4 Rb8 19. Qxd4 Qa5 20. Nc5 Rfc8
21. Nb3 Qf5 22. g4 Qf4 23. h4 h5 24. gxh5 Bf5 25. Rhg1 f6 26. Qxf6 Rc7 27. h6 {
Normal} 1-0

[Event "Rated Blitz tournament l62iypho"]
[Site "?"]
[Date "2021.02.28"]
[Round "?"]
[White "Tunartank"]
[Black "Jenlen3001"]
[Result "0-1"]
[WhiteElo "2303"]
[BlackElo "2536"]
[PlyCount "80"]
[EventDate "2021.??.??"]
[EventType "blitz"]

1. e4 e5 2. Nf3 d5 3. exd5 e4 4. Nd4 Qxd5 5. Nb3 Nf6 6. Nc3 Qe5 7. Be2 Bd6 8.
d4 Qf5 9. Be3 Na6 10. Qd2 Nb4 11. a3 Nbd5 12. O-O-O Nxc3 13. Qxc3 O-O 14. g4
Nxg4 15. d5 Nxe3 16. fxe3 Be5 17. Qd2 a5 18. Nd4 Qd7 19. c4 c5 20. Nb5 f5 21.
Rhg1 Bxh2 22. Rg2 Be5 23. Qc2 a4 24. Rdg1 Qf7 25. d6 Bd7 26. Nc7 Rab8 27. Nd5
Kh8 28. Rf2 Bxd6 29. Qc3 Rfe8 30. Rfg2 Be5 31. Qe1 b5 32. Qh4 bxc4 33. Rh1
Bxb2+ 34. Kc2 h6 35. Bxc4 Be6 36. Ba2 Bxd5 37. Bxd5 Qf6 38. Qh3 Bxa3 39. Kd1
Rb1+ 40. Ke2 Qb2# {Normal} 0-1

[Event "Rated Blitz game"]
[Site "?"]
[Date "2021.02.28"]
[Round "?"]
[White "a-D-I-b"]
[Black "KamranShirazi"]
[Result "0-1"]
[WhiteElo "2415"]
[BlackElo "2511"]
[PlyCount "118"]
[EventDate "2021.??.??"]
[EventType "blitz"]

1. e4 e5 2. Nf3 d5 3. Nxe5 Bd6 4. d4 dxe4 5. Bc4 Bxe5 6. dxe5 Qxd1+ 7. Kxd1
Bg4+ 8. Ke1 Nc6 9. Bf4 O-O-O 10. Nc3 Nd4 11. Bb3 f5 12. Rc1 Ne7 13. h3 Bh5 14.
Be3 Nxb3 15. axb3 Nc6 16. Nb5 a6 17. Nc3 Nxe5 18. Bf4 Rhe8 19. Bxe5 Rxe5 20. g4
fxg4 21. hxg4 Bxg4 22. Rxh7 Bf3 23. Nd1 Rg5 24. Ne3 Rg1+ 25. Nf1 b6 26. Rh4 a5
27. Rh2 Kb7 28. Rh4 b5 29. Rf4 Kb6 30. c4 b4 31. Rf5 c6 32. Rf7 Rd3 33. c5+ Ka6
34. Rc7 Rg6 35. Nd2 Rg1+ 36. Nf1 Rxb3 37. Rxc6+ Kb7 38. Rd6 Rxb2 39. c6+ Kc7
40. Rd7+ Kc8 41. Rd2 Rxf1+ 42. Kxf1 Rxd2 43. Ke1 Rd1+ 44. Rxd1 Bxd1 45. Kxd1 a4
46. Kd2 Kc7 47. Ke3 a3 48. Kxe4 a2 49. Kf5 a1=Q 50. Ke6 Qf6+ 51. Kd5 Qxf2 52.
Ke4 Qb6 53. Kd3 Qxc6 54. Kd4 b3 55. Kd3 b2 56. Ke2 b1=Q 57. Kd2 Qb3 58. Ke2
Qcc2+ 59. Ke1 Qbb1# {Normal} 0-1

[Event "Rated Blitz tournament 4Hc2Y0Wq"]
[Site "?"]
[Date "2021.02.28"]
[Round "?"]
[White "Ward-Tsh"]
[Black "om_gendut"]
[Result "1-0"]
[WhiteElo "2461"]
[BlackElo "2404"]
[PlyCount "83"]
[EventDate "2021.??.??"]
[EventType "blitz"]

1. e4 e5 2. Nf3 d5 3. Nc3 dxe4 4. Nxe4 Nf6 5. Nxf6+ Qxf6 6. d3 h6 7. Be2 Bd6 8.
O-O O-O 9. b3 Nc6 10. Bb2 Bf5 11. Nd2 Qg6 12. Bf3 Nd4 13. Bxb7 Rab8 14. Be4 c5
15. Bxd4 cxd4 16. Bxf5 Qxf5 17. Qf3 Qe6 18. Nc4 Be7 19. Rfe1 f6 20. Qh3 Qc6 21.
f4 Bb4 22. Re2 exf4 23. Rf1 Rbe8 24. Rff2 Rxe2 25. Rxe2 Re8 26. Qf3 Qxf3 27.
Rxe8+ Kf7 28. gxf3 Kxe8 29. Kf2 Ke7 30. Ke2 Ke6 31. a3 Be7 32. b4 g5 33. b5 h5
34. h3 f5 35. a4 g4 36. hxg4 fxg4 37. a5 Bd8 38. b6 axb6 39. a6 g3 40. a7 Bh4
41. a8=Q g2 42. Qe4+ {Normal} 1-0

[Event "Rated Blitz tournament WiIlymZe"]
[Site "?"]
[Date "2021.02.28"]
[Round "?"]
[White "Shah-gulyi"]
[Black "Turkmentiger2020"]
[Result "0-1"]
[WhiteElo "2335"]
[BlackElo "2582"]
[PlyCount "36"]
[EventDate "2021.??.??"]
[EventType "blitz"]

1. e4 e5 2. Nf3 d5 3. d4 dxe4 4. Nxe5 Nd7 5. Nc4 Ngf6 6. Bg5 Be7 7. Be2 O-O 8.
Ne3 c6 9. Nc3 Nb6 10. O-O h6 11. Bh4 Nfd5 12. Bxe7 Qxe7 13. Ncxd5 cxd5 14. b3
f5 15. c4 f4 16. Nxd5 Nxd5 17. cxd5 f3 18. g3 fxe2 {Normal} 0-1

[Event "Rated Blitz tournament y6bumeJ7"]
[Site "?"]
[Date "2021.02.28"]
[Round "?"]
[White "Mcgyver1978"]
[Black "Schachelite"]
[Result "1-0"]
[WhiteElo "2205"]
[BlackElo "2458"]
[PlyCount "37"]
[EventDate "2021.??.??"]
[EventType "blitz"]

1. e4 e5 2. Nf3 d5 3. Nxe5 Bd6 4. d4 dxe4 5. Nc3 Nf6 6. Bc4 O-O 7. Bg5 a6 8.
O-O b5 9. Bb3 Bb7 10. Re1 Be7 11. Bxf6 Bxf6 12. Nxe4 Be7 13. Qf3 Qe8 14. Nf6+
Bxf6 15. Qxb7 Nd7 16. Nxf7 Be7 17. Nd6+ Kh8 18. Nxe8 Raxe8 19. Qxc7 {Normal}
1-0

[Event "Rated Blitz tournament 4UBzRKvl"]
[Site "?"]
[Date "2021.02.28"]
[Round "?"]
[White "Cellini"]
[Black "Majasystem"]
[Result "1-0"]
[WhiteElo "2438"]
[BlackElo "2351"]
[PlyCount "69"]
[EventDate "2021.??.??"]
[EventType "blitz"]

1. e4 e5 2. Nf3 d5 3. exd5 e4 4. Qe2 Nf6 5. d3 Be7 6. dxe4 O-O 7. Qd3 Re8 8.
Be2 c6 9. O-O cxd5 10. exd5 Qxd5 11. Nc3 Qg5 12. Bxg5 Nc6 13. Nd4 Ne5 14. Qg3
Ng6 15. Rfe1 Bd7 16. Bb5 Bxb5 17. Ndxb5 Nh5 18. Qg4 Bxg5 19. Qxg5 Nf6 20. Nc7
Rxe1+ 21. Rxe1 Rc8 22. N7d5 Nxd5 23. Nxd5 h6 24. Qxg6 fxg6 25. Ne7+ Kh7 26.
Nxc8 h5 27. h4 g5 28. hxg5 b5 29. Ne7 b4 30. c4 b3 31. axb3 a5 32. c5 a4 33.
bxa4 h4 34. Re4 h3 35. Rh4# {Normal} 1-0

[Event "Rated Blitz tournament y6bumeJ7"]
[Site "?"]
[Date "2021.02.28"]
[Round "?"]
[White "DBBM"]
[Black "Schachelite"]
[Result "1/2-1/2"]
[WhiteElo "2454"]
[BlackElo "2449"]
[PlyCount "112"]
[EventDate "2021.??.??"]
[EventType "blitz"]

1. e4 e5 2. Nf3 d5 3. Nxe5 Bd6 4. d4 dxe4 5. Bf4 Nf6 6. Nd2 O-O 7. Be2 Qe7 8.
Bg3 Nbd7 9. Nxd7 Bxd7 10. Nc4 Bxg3 11. hxg3 Nd5 12. Qd2 Bb5 13. O-O-O Bxc4 14.
Bxc4 Nb6 15. Bb3 a5 16. c3 a4 17. Bc2 Qe6 18. Bb1 Nc4 19. Qe2 Nd6 20. Rde1 Rfe8
21. g4 b5 22. g5 g6 23. Qe3 a3 24. b3 b4 25. c4 Nxc4 26. bxc4 Qxc4+ 27. Kd2
Rad8 28. Rc1 Rxd4+ 29. Ke1 Qd5 30. g3 c5 31. Kf1 c4 32. Kg2 b3 33. Rc3 bxa2 34.
Bxa2 Rd3 35. Rxd3 exd3+ 36. Qf3 Qd4 37. Rd1 Re2 38. Bxc4 Qxc4 39. Rxd3 Qe4 40.
Rxa3 Qxf3+ 41. Kxf3 Re5 42. Kg4 Rf5 43. f4 Kg7 44. Ra7 Rb5 45. Rc7 Rb1 46. Ra7
Rb4 47. Rc7 Rb5 48. Ra7 Rc5 49. Rb7 Ra5 50. Rc7 Rf5 51. Ra7 h5+ 52. gxh6+ Kxh6
53. Ra6 Rb5 54. Rf6 Kg7 55. Ra6 Rb3 56. Kh3 f5 {Normal} 1/2-1/2

[Event "Rated Blitz tournament CMPpGf74"]
[Site "?"]
[Date "2021.02.28"]
[Round "?"]
[White "AMR25"]
[Black "Veysi13"]
[Result "1-0"]
[WhiteElo "2422"]
[BlackElo "2256"]
[PlyCount "131"]
[EventDate "2021.??.??"]
[EventType "blitz"]

1. e4 e5 2. Nf3 d5 3. Nc3 Nf6 4. exd5 e4 5. Qe2 Be7 6. Nxe4 O-O 7. Nxf6+ Bxf6
8. d4 Qxd5 9. Be3 Nc6 10. Qc4 Qh5 11. Be2 Be6 12. Qb5 Qxb5 13. Bxb5 Nb4 14. Kd2
c6 15. Ba4 Rfd8 16. c3 Nd5 17. Ke2 Nb6 18. Bb3 Nc4 19. Bxc4 Bxc4+ 20. Ke1 Bd5
21. Ke2 Re8 22. Rhd1 Bc4+ 23. Kd2 Bd5 24. Re1 a5 25. Bf4 Bxf3 26. gxf3 g6 27.
Rxe8+ Rxe8 28. Re1 Rxe1 29. Kxe1 Kf8 30. b3 Ke8 31. Bc7 Bd8 32. Bxd8 Kxd8 33.
c4 Kd7 34. Kd2 Ke6 35. Ke3 Kf5 36. a3 g5 37. h3 h5 38. b4 axb4 39. axb4 Ke6 40.
Ke4 f5+ 41. Kd3 b5 42. d5+ cxd5 43. c5 Ke5 44. Ke3 d4+ 45. Kd3 Kd5 46. c6 Kxc6
47. Kxd4 Kd6 48. f4 g4 49. h4 Ke6 50. Kc5 Kd7 51. Kxb5 Kd6 52. Kc4 Kc6 53. b5+
Kb6 54. Kb4 Kb7 55. Kc5 Kc7 56. Kd5 Kb6 57. Ke5 Kxb5 58. Kxf5 Kc5 59. Kg5 Kd5
60. f5 Ke4 61. f6 Kf3 62. f7 Kxf2 63. f8=Q+ Kg3 64. Kxh5 Kh3 65. Qf5 Kh2 66.
Qxg4 {Normal} 1-0

[Event "Rated Blitz tournament 4Hc2Y0Wq"]
[Site "?"]
[Date "2021.02.28"]
[Round "?"]
[White "Lioni26"]
[Black "KrAKeN_1"]
[Result "1/2-1/2"]
[WhiteElo "2429"]
[BlackElo "2449"]
[PlyCount "91"]
[EventDate "2021.??.??"]
[EventType "blitz"]

1. e4 e5 2. Nf3 d5 3. exd5 e4 4. Ne5 Qxd5 5. d4 exd3 6. Nxd3 Nf6 7. Nc3 Qf5 8.
g3 Nc6 9. Bg2 Bd6 10. O-O O-O 11. Bf4 Bxf4 12. Nxf4 Bd7 13. Nfd5 Nxd5 14. Qxd5
Rad8 15. Qxf5 Bxf5 16. Be4 Bxe4 17. Nxe4 Rfe8 18. Rfe1 f5 19. Nc5 Nd4 20. Kg2
Nxc2 21. Rxe8+ Rxe8 22. Rc1 Ne1+ 23. Kf1 Nf3 24. Nxb7 Nxh2+ 25. Kg2 Ng4 26.
Rxc7 Re2 27. Nd6 Rxf2+ 28. Kg1 h6 29. Ne8 g5 30. Rxa7 Rxb2 31. a4 f4 32. gxf4
Rb1+ 33. Kg2 Ne3+ 34. Kf3 gxf4 35. Kxf4 Nd5+ 36. Ke5 Re1+ 37. Kxd5 Rxe8 38. a5
h5 39. a6 h4 40. Rb7 h3 41. Rb2 Ra8 42. Ra2 h2 43. Rxh2 Rxa6 44. Rc2 Ra5+ 45.
Rc5 Rxc5+ 46. Kxc5 {Normal} 1/2-1/2

[Event "Rated Blitz tournament y6bumeJ7"]
[Site "?"]
[Date "2021.02.28"]
[Round "?"]
[White "NowInChess"]
[Black "Schachelite"]
[Result "0-1"]
[WhiteElo "2205"]
[BlackElo "2445"]
[PlyCount "120"]
[EventDate "2021.??.??"]
[EventType "blitz"]

1. e4 e5 2. Nf3 d5 3. exd5 e4 4. Qe2 Nf6 5. d3 Qxd5 6. Nbd2 Nc6 7. dxe4 Qe6 8.
Qc4 Qe7 9. Bd3 Be6 10. Qa4 O-O-O 11. O-O Nd7 12. Nc4 Nc5 13. Qa3 Nxd3 14. cxd3
Qxa3 15. Nxa3 Rxd3 16. b3 Bc5 17. Bb2 f6 18. Rac1 Bb6 19. Nc4 Bxc4 20. Rxc4 Re8
21. Rfc1 Red8 22. h3 Rd1+ 23. Kh2 Bxf2 24. R1c2 Be3 25. e5 f5 26. e6 f4 27.
Bxg7 Bg1+ 28. Nxg1 Re8 29. Re4 Rd6 30. Rce2 Nd8 31. Bh6 Rdxe6 32. Rxe6 Nxe6 33.
Bxf4 Kd7 34. Bg3 c5 35. Nf3 b5 36. Ne5+ Kc8 37. Nd3 Kd7 38. Nf4 Nd4 39. Rxe8
Kxe8 40. Nd3 c4 41. bxc4 bxc4 42. Ne5 c3 43. Bf4 Ne2 44. Bh6 c2 45. Nd3 Kf7 46.
g4 Kg6 47. Be3 Kf6 48. Kg2 Ke6 49. Kf2 Nc3 50. a3 Kd5 51. Ke1 Ke4 52. Kd2 Nb1+
53. Kxc2 Nxa3+ 54. Kd2 Nb1+ 55. Kc2 Kxe3 56. Kxb1 Kxd3 57. g5 Ke4 58. h4 Kf5
59. Kb2 Kg4 60. Kc3 Kxh4 {Normal} 0-1

[Event "Rated Blitz game"]
[Site "?"]
[Date "2021.02.28"]
[Round "?"]
[White "SFA_Gang"]
[Black "Kaldas90"]
[Result "1-0"]
[WhiteElo "2588"]
[BlackElo "2521"]
[PlyCount "37"]
[EventDate "2021.??.??"]
[EventType "blitz"]

1. e4 e5 2. Nf3 d5 3. Nxe5 Bd6 4. d4 dxe4 5. Nc4 Nf6 6. Nxd6+ Qxd6 7. c3 O-O 8.
Na3 c5 9. Nc4 Qc7 10. dxc5 Qxc5 11. Be3 Qc7 12. Qd6 Qxd6 13. Nxd6 Nc6 14. h3
Rd8 15. O-O-O Be6 16. b3 Nd5 17. Nxb7 Rdc8 18. Nd6 Rd8 19. Nxe4 {Normal} 1-0

[Event "Rated Blitz game"]
[Site "?"]
[Date "2021.02.28"]
[Round "?"]
[White "AyUsHaDoLsOnOv"]
[Black "KamranShirazi"]
[Result "1-0"]
[WhiteElo "2510"]
[BlackElo "2523"]
[PlyCount "141"]
[EventDate "2021.??.??"]
[EventType "blitz"]

1. e4 e5 2. Nf3 d5 3. Nxe5 Bd6 4. d4 dxe4 5. Nc4 Nc6 6. Nxd6+ Qxd6 7. c3 f5 8.
Nd2 Be6 9. Nc4 Qe7 10. Qa4 Nf6 11. Ne5 O-O 12. Nxc6 bxc6 13. Bg5 h6 14. Bxf6
Rxf6 15. Bc4 Rb8 16. O-O-O Bxc4 17. Qxc4+ Kh7 18. Rde1 f4 19. g3 fxg3 20. fxg3
Rf2 21. Re2 Qg5+ 22. Kb1 Qf5 23. Rhe1 e3+ 24. Kc1 c5 25. d5 Rd8 26. Qxc5 Rxd5
27. Qxe3 Rf3 28. Qe4 Ra5 29. Qxf5+ Rfxf5 30. a3 c5 31. Re5 Rf2 32. R1e2 Rxe2
33. Rxe2 c4 34. Re7 Rf5 35. Kd2 Rf2+ 36. Re2 Rf3 37. Kc2 a5 38. b3 cxb3+ 39.
Kxb3 h5 40. Kc4 Kh6 41. Kd4 h4 42. gxh4 Rf4+ 43. Kc5 Ra4 44. Kb5 Rxa3 45. Rc2
a4 46. c4 Ra1 47. Kb4 a3 48. Kb3 Kh5 49. c5 Kxh4 50. c6 Rb1+ 51. Kxa3 Rb8 52.
c7 Rc8 53. Kb2 Kh3 54. Kc1 g5 55. Kd1 g4 56. Ke1 g3 57. hxg3 Kxg3 58. Rc4 Kf3
59. Kd2 Kf2 60. Kd3 Kf3 61. Kd4 Kf4 62. Kd5+ Kf5 63. Kd6 Kf6 64. Kd7 Rg8 65.
c8=Q Rg7+ 66. Kd6 Rg6 67. Qe6+ Kg7 68. Rg4 Rg5 69. Rxg5+ Kh7 70. Qg6+ Kh8 71.
Qh6# {Normal} 1-0